Smer roľníkov okresu Šahy

Bibliographic Details
New Title:A haladó faluért
Za pokrokovú dedinu
Corporate Authors: Jednotný zväz slovenských roľníkov Okresný výbor Šahy (Publisher), Stredoslovenské tlačiarne (Banská Bystrica, Slovensko)
Other Authors: Lauko, Ján (Publishing director)
Format: Journal
Language:Slovak
PhysicalDescription:2 roč. 31 x 21 cm
Published: Šahy Okresný výbor Jednotného sväzu slovenských roľníkov v Šahách 1950-1951
Subjects:

MARC

LEADER 00000nas a22000001a 4500
001 vtls010302232
003 SK-MaSNL
005 20260228163406.0
008 110810d19501951xo sr p r 0 b0slo
015 |a SNBDS17XX9999 
015 |a 1478  |2 Balúnová 1945-60 
038 |a SNKBUDS 
040 |a SNK  |b slo  |c SNK  |e AACR2 
041 0 |a slo 
044 |a xo  |c SK 
080 |a 63  |2 2001 
245 0 0 |a Smer roľníkov okresu Šahy 
260 |a Šahy  |b Okresný výbor Jednotného sväzu slovenských roľníkov v Šahách  |c 1950-1951 
300 |a 2 roč.  |c 31 x 21 cm 
310 |a 2x mesačne 
362 0 |a Roč. I (1951)-roč. II, č. 12 (1.12.1951) 
500 |a Vych. v Šahách 2x mesačne 
500 |a Zodp. red. Ján Lauko 
500 |a Vyd. Okresný výbor Jednotného sväzu slov. roľníkov v Šahách 
500 |a Tlač. Stredoslov. tlačiarne, n. p., záv. 2 v Banskej Bystrici 
500 |a I. roč. sa v knižniciach nezachoval. Popis podľa II. roč. Posl. č. 12/II z 1. dec. 1951 
505 8 0 |g Roč. I. 
505 8 0 |g Roč. II. 1951 12 č. po 2 s. 
580 |a Od r. 1952 pokračoval pod názvom Za pokrokovú dedinu - A haladó faluért, s novým číslovaním ročníkov. Mal maď. mut. Irány az ipolysági járás földműveseinek 
650 0 7 |a poľnohospodárstvo  |2 SNKPH  |9 679 
651 7 |a Šahy (Slovensko)  |9 58701 
651 7 |a Levice (Slovensko : okres)  |9 15245 
655 7 |a regionálne poľnohospodárske časopisy  |2 SNKBUDS  |9 268861 
700 1 |a Lauko, Ján  |4 pbd  |9 55313 
710 2 |a Jednotný zväz slovenských roľníkov  |b Okresný výbor Šahy  |e vydav.  |9 273869 
710 2 |a Stredoslovenské tlačiarne (Banská Bystrica, Slovensko)  |9 145641 
775 0 |t Irány az Ipolysági Járás Földműveseinek 
785 0 0 |t A haladó faluért 
785 0 0 |t Za pokrokovú dedinu 
852 |a SNK  |b 10000  |h ČSB 1193 
852 |a UKB  |b 300000  |h SB 988 
852 |a SVKKK  |b 900000  |h C 2981 
852 |a UKB  |b 300000  |h 20 B 459 
999 |c 9355  |d 11285